000 00816nam a2200217 a 4500
001 BRCA_59
005 20190320202852.0
008 910403s1990 mx-a---##b---f000-0#spa-#
040 _aDLC
_cDLC
_dDLC
050 4 _aNA5075
_b.M39 1990
100 1 _aMaza, Francisco de la
_d1913-1972
_9278
245 1 0 _aArquitectura de los coros de monjas en Puebla
_cFrancisco de la Maza ; selección y prólogo, Mercedes Meade de Angulo.
260 _a[Puebla]
_bGobierno del Estado de Puebla
260 _a[México]
_bUNAM, Instituto de Investigaciones Estéticas
_c[1990]
300 _a104 p.
_bil.
_c23 cm.
504 _aIncluye referencias bibliográficas
650 1 4 _aSillas de coro
_zPuebla (México)
_9279
650 1 4 _aSillas de coro barrocas
_zPuebla (México)
_9280
700 1 _aMeade de Angulo, Mercedes
_9281
942 _2lcc
_cB
999 _c59
_d59